The germination of seeds / (Record no. 7308)
[ view plain ]
| 000 -LEADER | |
|---|---|
| fixed length control field | 00535cam a2200217ua 4500 |
| 020 ## - INTERNATIONAL STANDARD BOOK NUMBER | |
| ISBN | 0-08-028853-7 |
| 041 ## - LANGUAGE CODE | |
| Language code of text/sound track or separate title | eng |
| 082 ## - DEWEY DECIMAL CLASSIFICATION NUMBER | |
| Classification number | 631.53 |
| Item number | MAY/GE |
| 100 ## - MAIN ENTRY--AUTHOR NAME | |
| Personal name | Mayer, A M . |
| 245 ## - TITLE STATEMENT | |
| Title | The germination of seeds / |
| 250 ## - EDITION STATEMENT | |
| Edition statement | 3 / |
| 260 ## - PUBLICATION, DISTRIBUTION, ETC. (IMPRINT) | |
| Place of publication | Oxford : |
| Name of publisher | Pergamon Press , |
| Year of publication | 1982. |
| 300 ## - PHYSICAL DESCRIPTION | |
| Number of Pages | 211 ; . |
| 500 ## - GENERAL NOTE | |
| General note | ** Reference |
| 700 1# - ADDED ENTRY--PERSONAL NAME | |
| Personal name | Poljakoof-Mayber, A . |
| 942 ## - ADDED ENTRY ELEMENTS (KOHA) | |
| Koha item type | Books |
| Withdrawn status | Lost status | Damaged status | Home library | Current library | Date acquired | Full call number | Accession Number | Koha item type |
|---|---|---|---|---|---|---|---|---|
| KAUAET | KAUAET | 07/04/2012 | 631.53 | 16122 | Books | |||
| KAUAET | KAUAET | 27/03/1987 | 631.53 | 16270 | Books |
